| 000 | 00554nam a2200169Ia 4500 | ||
|---|---|---|---|
| 005 | 20250508160236.0 | ||
| 008 | 008 250505s9999 xx 000 0 eng d | ||
| 037 | _aBooks to be hide in OPAC | ||
| 040 |
_aFEDL _beng _cFEDL |
||
| 041 |
_aeng _2eng |
||
| 084 |
_a378.54, IND/O _qFEDL |
||
| 245 | 0 | _aStudent services for Indian Universities and colleges | |
| 245 | 0 | _cReport of proceedings of seminars and conferences in student services held during 1965-66 | |
| 300 | _a179p. | ||
| 942 |
_cHB _h378.54, IND/O |
||
| 999 |
_c1362994 _d1362994 |
||